01023 2200325 4500001002100000005001500021035002000036007000300056008004100059020001800100082001200118084001800130100003100148245006600179250002000245300002400265520016100289600002200450264003900472336002100511337003000532338002300562990001600585990001600601990001600617990001600633990001600649990001600665990001600681INLIS00000000000017620260525094131 a0010-0426000175ta260525 f f ind  a9786234090031 a899.221 a899.221 AIS d0 aAisyah KamaliahePengarang1 aDiary of my OCD :bWhere is the happiness? /cAisyah Kamaliah acetakan pertama a79 halaman ;c19 cm aOCD? Apa itu? Selalu menjadi pertanyaan yang Aisyah dengar ketika memberi tahu kondisi kesehatan mentalnya-padahal kalau kata google, ini kondisi yang umum. 4aPengembangan Diri aYogyakarta :bStiletto Book,c2022 2rdacontentatext 2rdamediaatanpa perantara 2rdacarrieravolume aTT000153/19 aPM000574/19 aKC000788/24 aPT001247/24 aRC001307/24 aNM001796/25 aPP002144/24